| 000 | 00674cam a2200217 a 4500 | ||
|---|---|---|---|
| 999 |
_c3860 _d3860 |
||
| 001 | 1190 | ||
| 003 | BD-DhUAP | ||
| 005 | 20200312160341.0 | ||
| 008 | 200312s1990 ii 000 0 eng | ||
| 040 |
_aDLC _cDLC _dBD-DhUAP _bEng |
||
| 082 | 0 | 0 |
_a808.1 POS _223 |
| 245 | 1 | 4 |
_aPostcards from planet earth : _ban anthology of international poetry / _cEdited by Paul Richardson and Ken Watson. |
| 260 |
_aNew Delhi : _bOxford Universiyt Press, _cc1990. |
||
| 300 |
_aviii, 167 pages : _billustrations ; _c22 cm. |
||
| 500 | _aIncludes index. | ||
| 650 | _aPoetry. | ||
| 650 | _aManners and customs. | ||
| 700 | _aRichardson, Paul. | ||
| 700 | _aWatson, Ken. | ||
| 942 |
_2ddc _cBK |
||